000 00254nam a22001097a 4500
082 _222
_a922.943
100 _aDDC.
245 _aPhajo Drugom Zhipo Namthar /
260 _aDDC Thimphu,
_bDDC Thimphu,
_cc1999.
300 _a99.;
_bNA
_c24cm
942 _2ddc
_cBK
_01
999 _c665
_d665